Star Wars Planets and Moons - Statistics

General Stats
  • This quiz has been taken 97 times
    74 since last reset
  • The average score is 27 of 45
Answer Stats
Hint Answer % Correct
Home planet of Princess Leia and the House of Organa. Alderaan
86%
Volcanic planet and the location of the duel between Anakin Skywalker and Obi-Wan Kenobi. Mustafar
86%
Desert planet and the homeworld of Rey. Jakku
84%
Ocean planet where the Clone Army is created and trained. Kamino
84%
Forest planet and home of the Wookiees. Kashyyyk
84%
Home planet of Padmé Amidala and the Gungans, including Jar-Jar Binks. Naboo
84%
Swamp planet and Yoda's residence after the fall of the Jedi. Dagobah
82%
Forest moon that the second Death Star orbits inhabited by Ewoks. Endor
82%
Outer Rim planet that is the homeworld of the Mandalorians. Mandalore
82%
Governmental center of the Galactic Republic and later the Galactic Empire. Coruscant
80%
Rocky desert planet and the site of the opening battle of the Clone Wars. Geonosis
80%
Desolate ice planet and base for the Rebel Alliance. Hoth
80%
Desert planet and home of Anakin Skywalker and Luke Skywalker. Tatooine
78%
Remote planet, covered in deep sinkholes and the site of General Grievous' death. Utapau
78%
Largely oceanic planet on which Luke Skywalker has been hiding for several years. Ahch-To
73%
A gas planet where Cloud City was located. Bespin
73%
A stormy planet and an ancient bastion of the Sith. Exegol
73%
Home planet of Jabba and other Hutts. Nal Hutta
69%
A mining planet that has been fought over by crime lords for its valuable Spice. Kessel
67%
Industrial planet and the home world of Han Solo and Qi'ra. Corellia
65%
Planet where Leia and the Resistance forces flee to face off with the First Order. Crait
65%
Forest moon and base for the Rebel Alliance. Yavin 4
63%
Oceanic "paradise world" used for construction of the Death Star. Scarif
61%
Forest planet and site of Maz Kanata's castle. Takodana
61%
Jedi sacred space Remote ice planet where kyber crystals are mined. Ilum
55%
Remote farm planet and birthplace of Ezra Bridger. Lothal
53%
Birthplace of Luke Skywalker and Leia Organa. Polis Massa
53%
Homeworld of Mon Mothma and Ben Solo, it serves as the first capital of the New Republic. Chandrila
51%
Mountainous planet and the homeworld of Zorii Bliss, leader of the smuggling gang. Kijimi
51%
A planet where Wim, Neel, Fern, and KB found the buried starship with a droid named SM-33. At Attin
47%
A planet where Cassian Andor was on the mission to steal the payroll of an Imperial sector. Aldhani
43%
Site of a Resistance operations base led by General Leia Organa. D'Qar
43%
A planet where Cassian Andor was imprisoned in the Imperial factory facility. Narkina 5
41%
A moon of Endor and the location of some of the wreckage of the second Death Star. Kef Bir
37%
Home planet of Cassian Andor destroyed by Galactic Empire. Kenari
37%
A planet covered in wheat fields used as a refugee site for several of Cassian Andor's friends. Mina-Rau
37%
A desert planet on the edge of the galaxy, home to the Aki-Aki species. Pasaana
37%
Planet where the Millennium Falcon arrives after Han and his crew steal coaxium from Kessel. Savareen
37%
A planet in the Outer Rim that is home to Osha and Mae Aniseya. Brendok
35%
Rocky, mountainous planet and home to an Imperial weapons research facility. Eadu
35%
Cold desert moon and a source of kyber crystals used for lightsabers. Jedha
35%
A desolate wasteland and the site of an Imperial penal labor colony. Wobani
31%
Icy, mountainous planet that is the site of a Crimson Dawn train heist led by Tobias Beckett. Vandor-1
29%
A forest planet in the Outer Rim. Home to the Wookie Jedi Master Kelnacca. Khofar
27%
Desert planet with extensive scrapyard industry and known for its salvage markets. Ferrix
24%
No matching quizzes found
Score Distribution
Percent of People with Each Score
Percentile by Number Answered
Your Score History
You have not taken this quiz since the last reset